000
00219 a2200097 4500
001
34419
100
_a
Bartolo
245
_a
Phonons and Resonance's in solids
260
_a
NY
_b
John Wiley
_c
1976
090
_c
22717
_d
22717
942
_a
NUST-CAE
_c
M
_c
14133
999
_c
269492
_d
269492